000 00705nam a2200181 i 4500
001 72531
003 ES-MaACL
005 20250911063539.0
007 t|
008 040901s1951 sp ||||1| spa d
100 1 _aGirón de Velasco, José Antonio,
_d1911-1995
_957271
245 1 3 _aLa libertad del hombre
_b: meta de la revolución social española : conferencia pronunciada el 3 de noviembre de 1951 por el excelentísimo Señor Ministro de Trabajo /
_cpor José Girón de Velasco.
260 _aMadrid :
_b[Altamira],
_c1951.
300 _a67 p. ;
_c24 cm.
651 4 _aEspaña-
_xPolítica social-
_y1939-1955.
_9163950
852 _aES-MaACL
_j1941-F-2
_bR.31970
999 _c72531
_d72531